| 000 | 00660nam a2200181 a 4500 | ||
|---|---|---|---|
| 005 | 20210223120811.0 | ||
| 008 | 991125s1958 mx 000 0 spa u | ||
| 035 | _aUPN01000007413 | ||
| 049 | _aSEP | ||
| 050 | 4 |
_aNC1002 P7 _bI5.4 1958 |
|
| 110 | 2 |
_aInstituto Nacional de Bellas Artes (México). _bCentro Superior de Artes Aplicadas _928078 |
|
| 245 | 1 | 0 |
_aCentro Superior de Artes Aplicadas : _bprogramas y reglamentos / _cInstituto Nacional de Bellas Artes, Centro Superior de Artes Aplicadas. |
| 260 |
_aMéxico : _bINBA, _c1958. |
||
| 300 |
_a129 p. : _bil. |
||
| 650 | 4 |
_aARTE - _vPLANES Y PROGRAMAS _92506 |
|
| 650 | 4 |
_aCENTROS DE ARTE _99598 |
|
| 905 | _aLibro | ||
| 999 |
_c7413 _d7413 |
||